Statistics for 西安地铁关于城垣、城门、宫殿及帝陵的站名/地名

Click here to take the quiz!

General Stats

  • This quiz has been taken 13 times
  • The average score is 14 of 27

Answer Stats

1号线% Correct
大明宫北
85%
大明宫
85%
大明宫西
85%
玉祥门
77%
永宁门
77%
秦陵西
69%
朝阳门
69%
长乐门
62%
安远门
62%
安定门
62%
延兴门
54%
南稍门
46%
和平门
46%
含元殿
46%
通化门
46%
通化门
46%
延平门
46%
南稍门
46%
开远门
46%
秦宫
46%
金光门
38%
交通大学·兴庆宫
38%
长陵
38%
广泰门
15%
阿房宫南
15%
汉城南路
8%
汉城路
8%

Score Distribution

Percentile by Number Answered

Percent of People with Each Score

Your Score History

You have not taken this quiz